Labor economics (Record no. 9069)

MARC details
000 -LEADER
fixed length control field 00594nam a22002057a 4500
003 - CONTROL NUMBER IDENTIFIER
control field OSt
005 - DATE AND TIME OF LATEST TRANSACTION
control field 20260313005148.0
008 - FIXED-LENGTH DATA ELEMENTS--GENERAL INFORMATION
fixed length control field 260313b |||||||| |||| 00| 0 eng d
020 ## - INTERNATIONAL STANDARD BOOK NUMBER
International Standard Book Number 971-23-4458-4.
040 ## - CATALOGING SOURCE
Original cataloging agency DWCL Main lib
Transcribing agency OC
082 ## - DEWEY DECIMAL CLASSIFICATION NUMBER
Edition number Updated 2006 ed.
Classification number Fil. 331 P139 2006
100 ## - MAIN ENTRY--PERSONAL NAME
Personal name Pagoso, Cristobal M.
245 ## - TITLE STATEMENT
Title Labor economics
Statement of responsibility, etc. Cristobal M. Pagoso
250 ## - EDITION STATEMENT
Edition statement Updated 2006 ed.
260 ## - PUBLICATION, DISTRIBUTION, ETC.
Place of publication, distribution, etc. Manila :
Name of publisher, distributor, etc. Re Book Store,
Date of publication, distribution, etc. c2006.
300 ## - PHYSICAL DESCRIPTION
Extent vi, 343 p. ;
Dimensions 21 cm.
504 ## - BIBLIOGRAPHY, ETC. NOTE
Bibliography, etc. note Includes index.
650 ## - SUBJECT ADDED ENTRY--TOPICAL TERM
Topical term or geographic name entry element Labor.
942 ## - ADDED ENTRY ELEMENTS (KOHA)
Source of classification or shelving scheme Dewey Decimal Classification
Koha item type Book-Filipiniana
Edition Updated 2006 ed.
Call number prefix Fil.
Suppress in OPAC No
952 ## - LOCATION AND ITEM INFORMATION (KOHA)
--
Holdings
Withdrawn status Lost status Source of classification or shelving scheme Damaged status Not for loan Home library Current library Shelving location Date acquired Source of acquisition Cost, normal purchase price Total Checkouts Full call number Barcode Date last seen Copy number Price effective from Koha item type Uniform Resource Identifier
    Dewey Decimal Classification     College Library College Library Filipiniana 02/15/2007 School Fund 340.00   Fil. 331 P139 2006 CL44258 03/13/2026 c1 03/13/2026 BK - FIL